Ramachandracharitapuranam. (Record no. 213052)

MARC details
000 -LEADER
fixed length control field 00776nam a2200229Ia 4500
003 - CONTROL NUMBER IDENTIFIER
control field OSt
005 - DATE AND TIME OF LATEST TRANSACTION
control field 20251205152905.0
008 - FIXED-LENGTH DATA ELEMENTS--GENERAL INFORMATION
fixed length control field 210719s1975 xx 000 0 und d
040 ## - CATALOGING SOURCE
Transcribing agency AL
041 ## - LANGUAGE CODE
Language code of text/sound track or separate title Sanskrit
082 ## - DEWEY DECIMAL CLASSIFICATION NUMBER
Classification number S891.4 NAGR
100 ## - MAIN ENTRY--PERSONAL NAME
Personal name NAGACHANDRA.
Dates associated with a name नागचन्द्र
9 (RLIN) 247942
245 ## - TITLE STATEMENT
Title Ramachandracharitapuranam.
Remainder of title रामचन्द्रचरितपुराणां
260 ## - PUBLICATION, DISTRIBUTION, ETC.
Place of publication, distribution, etc. Bengaluru
Name of publisher, distributor, etc. Bharatiya Jnanapitha Prakashana
Date of publication, distribution, etc. 1975
300 ## - PHYSICAL DESCRIPTION
Extent xiii,604
Other physical details HB
365 ## - TRADE PRICE
Price amount 40
Currency code Rs
650 ## - SUBJECT ADDED ENTRY--TOPICAL TERM
Topical term or geographic name entry element Sanskrit Literature
9 (RLIN) 247943
650 ## - SUBJECT ADDED ENTRY--TOPICAL TERM
Topical term or geographic name entry element Sanskrit Prose
9 (RLIN) 247944
700 ## - ADDED ENTRY--PERSONAL NAME
Personal name R C Hirematha.
Dates associated with a name आर सी हिरेमठ ed.
9 (RLIN) 247945
906 ## - LOCAL DATA ELEMENT F, LDF (RLIN)
a Ar ; by ; Ed ; Hirematha. ; Ramachandracharitapuranam. ; Si
942 ## - ADDED ENTRY ELEMENTS (KOHA)
Source of classification or shelving scheme Dewey Decimal Classification
Koha item type Book
Holdings
Withdrawn status Lost status Source of classification or shelving scheme Damaged status Not for loan Collection code Home library Current library Shelving location Date acquired Cost, normal purchase price Total Checkouts Full call number Barcode Date last seen Price effective from Koha item type
    Dewey Decimal Classification     Sanskrit St Aloysius Library St Aloysius Library Stack Section 05/30/1996 40.00   S891.4 NAGR D01152 07/19/2021 07/19/2021 Donated Books